000 01349nam0a22003251 4500
001 rc\3520187
005 20130115143207.7
021 _aRU
_b[74-65558]
035 _a(NLR Aleph) 007677628
090 _a6503163
_c6503163
100 _a20130115d1974 |||y0rusy50 ca
101 1 _arus
_cmol
102 _aRU
105 _aa z |||a|
200 1 _aМой парижский дядя
_eПовесть
_f[Авториз. пер. с молд. В. Бжезовского
_gИл.: А. Блох]
210 _aМосква
_cМол. гвардия
_d1974
215 _a238 с.
_cил.
_d17
300 _aВ вып. дан. авт.: Бусуйок Аурелиу Александрович
606 _aНационально-революционная война испанского народа 1936-1939 гг. (х. л.)
_2psbo
606 _aКоммунисты молдавские (х. л.)
_2psbo
606 _aПролетарский интернационализм (х. л.)
_2psbo
700 1 _6z01790
_aБусуйок
_bА.
_f1928-
_gАурелиу
702 1 _aБжезовский
_bВ.
_4730
702 1 _aБлох
_bА.
_4440
790 1 _6z01700
_aБусуйок
_bА. А.
_f1928-
_gАурелиу Александрович
801 0 _aRU
_bNLR
_gpsbo
801 1 _aRU
_bELAR
_2rusmarc
852 _aNLR
_j74-2/1556
942 _cBOOK
980 _aNB